000
00291nam a22001337a 4500
008
170614b xxu||||| |||| 00| 0 eng d
020
_a
2320000258071
041
_a
eng
080
_a
32
100
_a
19
101
_a
SHP
245
_a
THE TERROR PRESIDENCY
_c
GOLDSMITH,J
942
_2
udc
_c
BK
999
_c
17336
_d
17336